Multi-Cuisines of India/ (Record no. 190476)

MARC details
000 -LEADER
fixed length control field 00525nam a22001817a 4500
005 - DATE AND TIME OF LATEST TRANSACTION
control field 20220726150417.0
010 ## - LCCN (DPL NO)
LC control number ENG-133969
020 ## - INTERNATIONAL STANDARD BOOK NUMBER
International Standard Book Number 9788192557139
Terms of availability 750.00
035 ## - SYSTEM CONTROL NUMBER
System control number EN-117501
037 ## - SOURCE OF ACQUISITION
Source of stock number/acquisition DBAD/PUB
082 ## - DEWEY DECIMAL CLASSIFICATION NUMBER
Classification number 641.01954
100 ## - MAIN ENTRY--PERSONAL NAME
Personal name Saxena, Anita
245 ## - TITLE STATEMENT
Title Multi-Cuisines of India/
Statement of responsibility, etc Anita Saxena
260 ## - PUBLICATION, DISTRIBUTION, ETC. (IMPRINT)
Place of publication, distribution, etc Allahabad
Name of publisher, distributor, etc Anurag Publication
Date of publication, distribution, etc 2017
270 ## - ADDRESS
City Allahabad
Address 116/70, Lukerganj
Postal code 211001
300 ## - PHYSICAL DESCRIPTION
Extent 240p.
Dimensions 21cm(hb)
Other physical details Bibliography
942 ## - ADDED ENTRY ELEMENTS (KOHA)
Source of classification or shelving scheme Dewey Decimal Classification
Item type English Books
Classification part 641.01954
Call number suffix SAX
Holdings
Withdrawn status Lost status Not for loan Collection code Home library Current library Date acquired Source of acquisition Cost, normal purchase price Full call number Barcode Copy number Cost, replacement price Koha item type
      Non-fiction Bawana Bawana 26/07/2022 DBAD/PUB 750.00 641.01954 SAX EN-117501 1 750.00 English Books

© Delhi Public Library
Hit Counter
free hit counter